Poesía completa / (Record no. 22424)

000 -CABECERA
campo de control de longitud fija 00767nam a22002177a 4500
003 - IDENTIFICADOR DEL NÚMERO DE CONTROL
campo de control OSt
005 - FECHA Y HORA DE LA ÚLTIMA TRANSACCIÓN
campo de control 20220610111132.0
008 - DATOS DE LONGITUD FIJA--INFORMACIÓN GENERAL
campo de control de longitud fija 190816s2019 pe b 000 0 spa
020 ## - NÚMERO INTERNACIONAL ESTÁNDAR DEL LIBRO
Número Internacional Estándar del Libro 9788481918977
040 ## - FUENTE DE LA CATALOGACIÓN
Centro/agencia transcriptor Biblioteca Municipal de Cusco
082 ## - NÚMERO DE LA CLASIFICACIÓN DECIMAL DEWEY
Número de clasificación 869.56/W32P6
Notación interna W32P6
100 ## - ENTRADA PRINCIPAL--NOMBRE DE PERSONA
Nombre de persona Watanabe, José
Fechas asociadas al nombre 1946-2007
Término indicativo de función/relación autor
9 (RLIN) 48128
245 ## - MENCIÓN DE TÍTULO
Título Poesía completa /
Mención de responsabilidad, etc. José Watanabe ; prólogo de Darío Jaramillo Agudelo
250 ## - MENCIÓN DE EDICIÓN
Mención de edición Primera edición, tercera reimpresión
264 #1 - PRODUCCIÓN, PUBLICACIÓN, DISTRIBUCIÓN, FABRICACIÓN Y COPYRIGHT
Producción, publicación, distribución, fabricación y copyright Valencia :
Nombre del de productor, editor, distribuidor, fabricante Editorial Pre-textos,
Fecha de producción, publicación, distribución, fabricación o copyright 2019.
300 ## - DESCRIPCIÓN FÍSICA
Extensión 456 páginas, 10 sin numerar. :
Dimensiones 22 cm.
490 ## - MENCIÓN DE SERIE
Mención de serie La cruz del sur ;
Designación de volumen o secuencia 941
650 ## - PUNTO DE ACCESO ADICIONAL DE MATERIA--TÉRMINO DE MATERIA
Término de materia o nombre geográfico como elemento de entrada Poesías peruanas
Subdivisión cronológica Siglo XX
9 (RLIN) 48129
700 ## - PUNTO DE ACCESO ADICIONAL--NOMBRE DE PERSONA
Nombre de persona Jaramillo Agudelo, Darío
Fechas asociadas al nombre 1947-
Término indicativo de función/relación prologuista
9 (RLIN) 48130
942 ## - ELEMENTOS DE PUNTO DE ACCESO ADICIONAL (KOHA)
Fuente del sistema de clasificación o colocación
Tipo de ítem Koha Libros-BMC
Holdings
Estado de retiro Estado de pérdida Fuente del sistema de clasificación o colocación Estado dañado No para préstamo Localización permanente Ubicación/localización actual Ubicación en estantería Fecha de adquisición Fuente de adquisición Coste, precio normal de compra Signatura topográfica completa Código de barras Fecha visto por última vez Precio válido a partir de Tipo de ítem Koha
          Sala Humanidades Sala Humanidades Book Cart 2022-06-10 Donación 120.00 869.56/W32P6 SH0000016295 2022-06-10 2022-06-10 Libros-BMC
          Sala Humanidades Sala Humanidades Book Cart 2022-06-10 Donación 120.00 869.56/W32P6/e.2 SH0000016296 2022-06-10 2022-06-10 Libros-BMC

Powered by Koha